| 000 | 00388nam a2200097Ia 4500 | ||
|---|---|---|---|
| 008 | 180130s9999 xx 000 0 und d | ||
| 245 |
_cSingh, Dilpreet; Reddy, Chandan K. _aA survey on platforms for big data analytics |
||
| 260 | _c2016 | ||
| 300 | _aBook title: Big data analytics : (database management systems)--Acession number C20736; pages 74-93 | ||
| 650 | _aDATABASE MANAGEMENT SYSTEMS | ||
| 999 |
_c354387 _d354387 |
||